| 000 | 01264njm a2200313Ia 4500 | ||
|---|---|---|---|
| 001 | 20454 | ||
| 003 | IT-RoPAU | ||
| 005 | 20220918181128.0 | ||
| 008 | 131025s9999 xx 000 0 und d | ||
| 040 | _aIT-RoPAU | ||
| 040 | _cIT-RoPAU | ||
| 999 |
_c100368 _d100368 |
||
| 999 | _bn.d. | ||
| 100 |
_aClementi Aldo _91663 |
||
| 100 |
_eAutore musica _91664 |
||
| 100 |
_gCodice autore musica SPICS: 7968 _91665 |
||
| 245 | _aAldo Clementi (4) | ||
| 250 | _a1a ed. | ||
| 260 | _aROMA | ||
| 260 |
_bSPICS RECORDS _c1982 [1a Ed.:1982] |
||
| 300 | _aMUSICASSETTA | ||
| 500 | _aMusica strumentale | ||
| 505 | _aAlleluia (variazioni sul corale) - Sette scene per orchestra da camera da "Collage" - Esercizio-Trio di Como - Informel II per 16 strumenti - Concerto per orchestra di strumenti a fiato e due pianoforti - Quattro quartetti vocali op. 92 - Cent soupirs | ||
| 511 | _aOrchestra Sinfonica di Roma della Rai diretta da Clementi Aldo | ||
| 511 | _aOrchestra Scarlatti di Napoli diretta da Panni Marcello | ||
| 511 | _aOrchestra Sinfonica della Rai diretta da Panni Marcello | ||
| 650 |
_aSTRUMENTALE [CASSETTE] _eCodice MATERIA SPICS: 9951 _91218 |
||
| 700 |
_aBrahms Johannes _dCodice autore SPICS: 8867 _eAutore _pQuattro quartetti vocali op. 92 _91666 |
||
| 942 |
_cMC _2ddc |
||